000 00610nam a2200217Ia 4500
003 GCL
008 140319s9999 xx 000 0 aFre d
020 _a2709617242
040 _aGCL /
_cGCL
082 0 4 _a892.76
_bM M
100 1 _aNAGUIB MAHFOUZ
245 1 0 _aNAGUIB MAHFOUZ : MON EGYPTE :
_bDIALOGUES AVEC MOHAMED SALMAWY /
_cNAGUIB MAHFOUZ
700 1 _aSALMAWY, MOHAMED
260 _aفرنسا :
_bJEAN CLAUDE LATTES ،
_c1996
300 _a22 CM ؛
_c155 P
650 0 4 _aLITERATURE
650 0 4 _aARABIC LITERATURE
650 0 4 _aNAGUIB MAHFOUZ
650 0 4 _aARABIC ESSAYS
942 _2ddc
_cBK
999 _c13890
_d13890